00373nam a2200133Ia 4500008004100000020001800041041000800059082001200067100001400079245007500093260003700168300000900205650002500214220803s9999 xx 000 0 und d a1-85585-688-3 aeng a729 HOL aHolland J aWater Under The Bridge : A Canal Odyssey Through The Heart Of England. aLondonbCollins And Brown c1998 a145p aArchitectural Design